Breve reseña geológica de la provincia de Huesca / (Record no. 158568)

MARC details
000 -LEADER
campo de control de longitud fija 00691nam a22001695i 4500
001 - NÚMERO DE CONTROL
campo de control 158568
003 - IDENTIFICADOR DE NÚMERO DE CONTROL
campo de control ES-MaACL
005 - FECHA Y HORA DE LA ÚLTIMA TRANSACCIÓN
campo de control 20230906211220.0
008 - DATOS DE LONGITUD FIJA--INFORMACIÓN GENERAL
campo de control de longitud fija 040901s1875 sp |||| | spa d
040 ## - FUENTE DE CATALOGACIÓN
Centro catalogador/agencia de origen CAM
Lengua de catalogación spa
Centro/agencia transcriptor CAM
100 1# - ENTRADA PRINCIPAL--NOMBRE DE PERSONA
Nombre de persona Mallada, Lucas (
Fechas asociadas al nombre 1841-1921)
9 (RLIN) 75787
245 10 - MENCIÓN DEL TÍTULO
Título Breve reseña geológica de la provincia de Huesca /
Mención de responsabilidad, etc. por Lucas Mallada.
260 ## - PUBLICACIÓN, DISTRIBUCIÓN, ETC.
Lugar de publicación, distribución, etc. Madrid :
Nombre del editor, distribuidor, etc. [s.n.],
Fecha de publicación, distribución, etc. 1875 (
Fabricante Imprenta de T. Fortanet)
300 ## - DESCRIPCIÓN FÍSICA
Extensión 64 p. ;
Dimensiones 25 cm.
650 04 - PUNTO DE ACCESO ADICIONAL DE MATERIA--TÉRMINO DE MATERIA
Término de materia o nombre geográfico como elemento de entrada Geología-
Subdivisión geográfica Huesca (Provincia)
9 (RLIN) 13091
852 ## - LOCALIZACIÓN
Ubicación ES-MaACL
Número de control de estantería T-1105-F-4
Nota libre -- Enc. hol. conservando la cub. original
-- -- Legado de Federico de Botella y de Hornos
-- -- Dedicatoria ms. del autor a Federico de Botella
Holdings
Estatus retirado Estado de pérdida Estado de daño No para préstamo Colección Biblioteca de origen Biblioteca actual Ubicación en estantería Fecha de adquisición Total de préstamos Signatura topográfica completa Código de barras Visto por última vez Precio de reemplazo Tipo de ítem Koha
        Colección de folletos Biblioteca del Ateneo de Madrid Biblioteca del Ateneo de Madrid Depósito folletos 17/01/2008   T-1105-F-4 1165968 23/02/2023 23/02/2023 Folleto